Liberation ethics : (Record no. 117950)
[ view plain ]
| 000 -LEADER | |
|---|---|
| fixed length control field | 00888cam a2200289 a 4500 |
| 001 - CONTROL NUMBER | |
| control field | 4491994 |
| 003 - CONTROL NUMBER IDENTIFIER | |
| control field | ARRUPE |
| 005 - DATE AND TIME OF LATEST TRANSACTION | |
| control field | 20130924111915.0 |
| 008 - FIXED-LENGTH DATA ELEMENTS--GENERAL INFORMATION | |
| fixed length control field | 930818s1993 mnu b 001 0 eng d |
| 010 ## - LIBRARY OF CONGRESS CONTROL NUMBER | |
| LC control number | 93015946 |
| 020 ## - INTERNATIONAL STANDARD BOOK NUMBER | |
| International Standard Book Number | 0800627555 (alk. paper) : |
| 035 ## - SYSTEM CONTROL NUMBER | |
| System control number | (OCoLC)28063948 |
| 035 ## - SYSTEM CONTROL NUMBER | |
| System control number | (OCoLC)ocm28063948 |
| 035 ## - SYSTEM CONTROL NUMBER | |
| System control number | (NNC)4491994 |
| 040 ## - CATALOGING SOURCE | |
| Original cataloging agency | DLC |
| Transcribing agency | DLC |
| Modifying agency | NNUT |
| 050 00 - LIBRARY OF CONGRESS CALL NUMBER | |
| Classification number | BT83.57 |
| Item number | .S367 1993 |
| 090 ## - LOCALLY ASSIGNED LC-TYPE CALL NUMBER (OCLC); LOCAL CALL NUMBER (OCLC) | |
| Classification number (OCLC) (R) ; Classification number, CALL (RLIN) (NR) | BT83.57 |
| Local cutter number (OCLC) ; Book number/undivided call number, CALL (RLIN) | .S367 1993 |
| 300 ## - PHYSICAL DESCRIPTION | |
| Dimensions | 23 cm. |
| 100 1# - MAIN ENTRY--PERSONAL NAME | |
| Personal name | Schubeck, Thomas Louis, |
| Dates associated with a name | 1936- |
| 9 (RLIN) | 882 |
| 245 10 - TITLE STATEMENT | |
| Title | Liberation ethics : |
| Remainder of title | sources, models, and norms / |
| Statement of responsibility, etc | Thomas L. Schubeck. |
| 260 ## - PUBLICATION, DISTRIBUTION, ETC. (IMPRINT) | |
| Place of publication, distribution, etc | Minneapolis : |
| Name of publisher, distributor, etc | Fortress Press, |
| Date of publication, distribution, etc | c1993. |
| 300 ## - PHYSICAL DESCRIPTION | |
| Extent | x, 266 p. ; |
| 504 ## - BIBLIOGRAPHY, ETC. NOTE | |
| Bibliography, etc | Includes bibliographical references and index. |
| 650 #0 - SUBJECT ADDED ENTRY--TOPICAL TERM | |
| Topical term or geographic name as entry element | Liberation theology. |
| 9 (RLIN) | 883 |
| 650 #0 - SUBJECT ADDED ENTRY--TOPICAL TERM | |
| Topical term or geographic name as entry element | Christian ethics |
| General subdivision | Catholic authors. |
| 9 (RLIN) | 884 |
| 942 ## - ADDED ENTRY ELEMENTS (KOHA) | |
| Source of classification or shelving scheme | Library of Congress Classification |
| Koha item type | Monograph ( Printed materials) |
| Withdrawn status | Lost status | Source of classification or shelving scheme | Damaged status | Not for loan | Collection code | Home library | Current library | Shelving location | Date acquired | Total Checkouts | Full call number | Barcode | Date last seen | Price effective from | Koha item type |
|---|---|---|---|---|---|---|---|---|---|---|---|---|---|---|---|
| Library of Congress Classification | Main Collection | ARRUPE LIBRARY | ARRUPE LIBRARY | Main Collection | 24/09/2013 | BT83.57 .S367 1993 | 46407583 | 11/01/2017 | 24/09/2013 | Monograph ( Printed materials) |